000 00249nam a2200109Ia 4500
008 230320s9999||||xx |||||||||||||| ||spa||
082 _a401/V86
100 _aVosseler, Karl
245 0 _aFilosofĂ­a Del Lenguaje
260 _bLosada
942 _80
_cLIB
999 _c29272
_d29272